00883 2200301 4500001002100000005001500021007000300036008004100039020001800080035002000098040001700118041000800135084001600143090002300159100003400182245005700216250001800273264005000291300003700341336002100378337003000399338002300429500002800452504003000480650004300510850001000553990001800563INLIS00000000000672420260411081556ta260411 0  a979-3654-65-1 a0010-0622000059 aSBPUPADbind0 aind a519.5 KEM d a519.5 KEM d L11 R50 aKemas Ali HanafiahePengarang1 aDasar-dasar Statistika /cKemas Ali Hanafiah;Editor, a-Ed. 1. Cet 2 a.--Jakarta :bPT Raja Grafindo Prasada,c2010 axviii, 394 hlm. :bilus. ;c21cm 2rdacontentaTeks 2rdamediaaTanpa Perantara 2rdacarrieravolume aProfile Penulis,393 hlm abibiliografi, 307-310 hlm 4aAneka Bidang Ilmu Pertanian Dan Hayati aPUPAD a14471/Br-2014